Alle Länder unter türkischer Herrschaft (mit Karte) - Statistiken

Allgemein
  • Dieses Quiz wurde 27 mal gespielt
  • Das Durchschnittsergebnis liegt bei 59 aus 79
Antworten auf der Karte
Die Antworten werden auf der Karte rot bzw. grün angezeigt, abhängig davon wie oft sie richtig erraten wurden.
 
Antwortstatistiken
Land % Korrekt
Deutschland
92%
Indien
92%
Österreich
92%
Tschechien
92%
Türkei
92%
Ungarn
92%
Ägypten
88%
Albanien
88%
Algerien
88%
Armenien
88%
Aserbaidschan
88%
Bosnien und Herzegowina
88%
Bulgarien
88%
China
88%
Griechenland
88%
Irak
88%
Iran
88%
Kosovo
88%
Nordmazedonien
88%
Polen
88%
Rumänien
88%
Russland
88%
Saudi-Arabien
88%
Serbien
88%
Tunesien
88%
Ukraine
88%
Belarus
83%
Finnland
83%
Georgien
83%
Kasachstan
83%
Marokko
83%
Oman
83%
Pakistan
83%
Slowenien
83%
Slowenien
83%
Syrien
83%
Afghanistan
79%
Israel
79%
Jordanien
79%
Kroatien
79%
Libanon
79%
Libyen
79%
Moldau
79%
Sudan
79%
Usbekistan
79%
Jemen
75%
Kirgistan
75%
Tadschikistan
75%
Turkmenistan
75%
Vereinigte Arabische Emirate
75%
Zypern
75%
Estland
71%
Indonesien
71%
Katar
71%
Montenegro
71%
Nepal
71%
Bangladesch
67%
Malaysia
67%
Somalia
67%
Südsudan
67%
Thailand
67%
Eritrea
63%
Mauretanien
63%
Sri Lanka
63%
Äthiopien
58%
Bhutan
58%
Kuwait
58%
Myanmar
58%
Kenia
54%
Mali
54%
Uganda
54%
Demokratische Republik Kongo
50%
Dschibuti
50%
Singapur
50%
Tansania
50%
Tschad
50%
Burkina Faso
46%
Zentralafrikanische Republik
46%
Mongolia
25%
Keine übereinstimmenden Quizze gefunden
Verteilung der Resultate
Anzahl Personen mit jedem Resultat
Perzentil nach korrekt beantworteten Fragen
Ihre Resultats-Entwicklung
Sie haben dieses Quiz noch nicht gespielt